00496nam a22001457a 4500020001800000082001400018100002300032245006900055260005000124300000800174650003400182942000700216952011000223999001700333 a81-87886-60-9 a291.4 DSO aD'Souza, Rudolf V. aAwareness and union with God: The Gita and Christian perspective aAnand, GujaratbGujarat Sahitya Prakashc2002 a113 aReligious experience and life cBK 00104070aHMIbHMIcGENd2014-08-22g65.00l3o291.4 DSOp24696r2017-11-21s2017-11-20w2017-07-03yBK c20498d20498